Matemática 9 /
Guardado en:
| Autor Principal: | |
|---|---|
| Otros Autores: | , |
| Formato: | Libro |
| Publicado: |
Buenos Aires :
Kapelusz,
1998
|
| Series: | Vértices
|
| Materias: | |
| Etiquetas: |
Agregar Etiqueta
Sin Etiquetas, Sea el primero en etiquetar este registro!
|
| LEADER | 01215nam a22002895a 4500 | ||
|---|---|---|---|
| 001 | CEM.cems009709 | ||
| 005 | 20080229084744.0 | ||
| 008 | 130507s1998##################000#0#####d | ||
| 003 | CEMS | ||
| 020 | |a 9501307565 | ||
| 082 | 0 | 4 | |a Z510 |
| 100 | 1 | |a Seveso de Larotonda, Julia | |
| 245 | 1 | 0 | |a Matemática 9 / |c Julia Seveso de Larotonda, Ana Renata Wykowski y Graciela Ferrarini |
| 260 | |a Buenos Aires : |b Kapelusz, |c 1998 | ||
| 300 | |a 257 p. | ||
| 490 | 0 | |a Vértices | |
| 500 | |a Para 9º año Egb | ||
| 505 | 0 | |a Los números -- Proporcionalidad -- Función cuadrática -- Semejanza -- Ecuaciones e inecuaciones -- Funciones -- Trigonometría -- Probabilidades -- Estadística | |
| 653 | |a Matemática | ||
| 653 | |a Matemática- 9º egb | ||
| 700 | 1 | |a Wykowski, Ana Renata | |
| 700 | 1 | |a Ferrarini, Graciela | |
| 859 | |a CEMS |b BIB. CEMS - 11 de abril |h Z510 |i Se83 |p 19963.98 |t Ej.1 |v 9º |3 9º | ||
| 859 | |a CEMS |b BIB. CEMS - 11 de abril |h Z510 |i Se83 |p 19964.98 |t Ej.2 |v 9º |3 9º | ||
| 859 | |a CEMS |b BIB. CEMS - 11 de abril |h Z510 |i Se83 |p 19965.98 |t Ej.3 |v 9º |3 9º | ||
| 859 | |a CEMS |b BIB. CEMS - 11 de abril |h Z510 |i Se83 |p 19966.98 |t Ej.4 |v 9º |3 9º | ||
| 859 | |a CEMS |b BIB. CEMS - 11 de abril |h Z510 |i Se83 |p 19967.98 |t Ej.5 |v 9º |3 9º | ||
